|
|
|
|
| LEADER |
00901nam a2200325 4500 |
| 001 |
DLU030024734 |
| 005 |
##19980430110741.2 |
| 008 |
##980415s1998 txua b 001 0 eng |
| 010 |
# |
# |
|a 97072353
|
| 020 |
# |
# |
|a 0155040251 (hardcover)
|
| 035 |
# |
# |
|9 (DLC) 97072353
|
| 040 |
# |
# |
|a DLC
|c DLC
|
| 050 |
# |
# |
|a BF121
|b .S84 1998
|
| 082 |
# |
# |
|a 150
|b ST-R
|
| 100 |
# |
# |
|a Sternberg, Robert J.
|
| 245 |
# |
# |
|a In search of the human mind /
|c Robert J. Sternberg.
|
| 250 |
# |
# |
|a 2nd ed.
|
| 260 |
# |
# |
|a Fort Worth :
|b Harcourt Brace College Publishers,
|c c1998.
|
| 300 |
# |
# |
|a 1 v. 489p. :
|b col. ill. ;
|c 29 cm.
|
| 504 |
# |
# |
|a Includes bibliographical references and indexes.
|
| 650 |
# |
# |
|a Psychology.
|
| 992 |
# |
# |
|a 19560
|
| 994 |
# |
# |
|a DLU
|
| 900 |
# |
# |
|a True
|
| 911 |
# |
# |
|a Lê Thị Mạnh Xuân
|
| 925 |
# |
# |
|a G
|
| 926 |
# |
# |
|a A
|
| 927 |
# |
# |
|a SH
|
| 980 |
# |
# |
|a Thư viện Trường Đại học Đà Lạt
|